Chitin, chitosan, and related enzymes

Furkejuvvon:
Bibliográfalaš dieđut
Váldodahkki: Zikakis, John P (Dahkki)
Materiálatiipa: Girji
Giella:eaŋgalasgiella
Almmustuhtton: Orlando Academic Press 1984
Fáttát:
Fáddágilkorat: Lasit fáddágilkoriid
Eai fáddágilkorat, Lasit vuosttaš fáddágilkora!

MARC

LEADER 00000nam a2200000 a 4500
001 UCG0907
003 CL-VaPUC
008 100415e19840000US |||||||||||||||||eng|d
020 |a 0127809503 
082 0 4 |a 572.7  |b ZIK  |2 21 
100 0 |a Zikakis, John P  |e author  |9 548579 
245 1 0 |a Chitin, chitosan, and related enzymes 
300 |a 423 p 
942 |c BK 
945 |d 20100415 00:00:00  |a rbrito 
260 |a Orlando  |b Academic Press  |c 1984 
650 7 |a CHITIN  |2 CL-VaPUC  |9 548580 
650 7 |a CHITOSAN  |2 CL-VaPUC  |9 548581 
650 0 |a Enzimas  |9 262984 
650 7 |a FARMACEUTICA  |2 CL-VaPUC  |9 415429 
650 7 |a ENZIMOLOGIA  |2 CL-VaPUC  |9 263051 
583 |a last modification  |c 20131230 06:19:02  |k Rodrigo Vera 
999 |c 340410  |d 340408 
952 |0 0  |1 0  |4 0  |6 572_700000000000000_ZIK_1984  |7 0  |8 A  |9 435159  |a BIBCUR  |b BIBCUR  |d 2019-11-22  |i 4660765  |o 572.7 ZIK 1984  |p 4660765  |r 2025-04-22  |w 2019-11-22  |y BK  |k QUI